US Presidents per Last Letter Quiz Stats

 Plays Quiz Updated Jan 20, 2017

Challenge
Share
Tweet
Embed
Score 0/12 Timer 01:00
2 Plays Today
Last Letter President % Correct
NWashington...
98.1%
AObama
85.5%
TGrant...
84.4%
RTyler...
83%
SAdams...
78.5%
HBush
73.9%
DGarfield...
69.6%
YMcKinley...
69.4%
KPolk
66.5%
EMonroe...
64.7%
PTrump
53.5%
GHarding
51.4%

You're not logged in!

Compare scores with friends on all Sporcle quizzes.
Join for Free
OR
Log In

You Might Also Like...

Show Comments

Extras

Top Quizzes Today


Score Distribution

Your Account Isn't Verified!

In order to create a playlist on Sporcle, you need to verify the email address you used during registration. Go to your Sporcle Settings to finish the process.

Report this User

Report this user for behavior that violates our Community Guidelines.

Details: